000
00248nam a2200109Ia 4500
008
220713s9999 xx 000 0 und d
020
_a
978 1 7702 0031 9
082
_a
NF 306.9
100
_a
WALKER, S
245
0
_a
DEALING IN DEATH
942
_c
BK
_y
561
_z
John Tresidder
999
_c
106347
_d
106347